Variations in chemical character of water in the Englishtown Formation, New Jersey /

Bibliographic Details
Main Author: Seaber, Paul R.
Corporate Author: New Jersey. Division of Water Policy and Supply
Format: Government Document Book
Language:English
Published: Washington : U.S. Govt. Print. Off, 1965.
Series:Hydrology of aquifer systems.
Geological Survey professional paper ; 498-B.
Subjects:

MARC

Tag First Indicator Second Indicator Subfields
LEADER 00000cam a2200000 4500
001 in00002782647
005 20151202171827.0
008 700409s1965 dcuab b 000 0 eng
010 |a  76604984  
035 |a (OCoLC)ocm00067029 
035 |a (OCoLC)67029 
040 |a DLC  |c DLC  |d IAS  |d OCLCQ  |d BTCTA  |d UtOrBLW 
043 |a n-us-nj 
049 |a TXAM 
050 0 0 |a QE75  |b .P9 no. 498-B 
082 0 0 |a 550/.8 s 
086 0 |a I 19.16:498-B 
100 1 |a Seaber, Paul R. 
245 1 0 |a Variations in chemical character of water in the Englishtown Formation, New Jersey /  |c by Paul R. Seaber. 
264 1 |a Washington :  |b U.S. Govt. Print. Off,  |c 1965. 
300 |a iii, 35 pages :  |b illustrations, maps. ;  |c 29 cm. 
336 |a text  |b txt  |2 rdacontent 
337 |a unmediated  |b n  |2 rdamedia 
338 |a volume  |b nc  |2 rdacarrier 
490 1 |a Hydrology of aquifer systems 
490 1 |a Geological Survey professional paper 498-B 
500 |a "Prepared in cooperation with New Jersey Division of Water Policy and Supply." 
504 |a Bibliography: pages 34-35. 
650 0 |a Water  |x Composition  |z New Jersey. 
650 0 |a Geology, Stratigraphic  |y Cretaceous. 
650 0 |a Groundwater  |z New Jersey. 
710 1 |a New Jersey.  |b Division of Water Policy and Supply. 
830 0 |a Hydrology of aquifer systems. 
830 0 |a Geological Survey professional paper ;  |v 498-B. 
948 |a cataloged  |b h  |c 2012/12/12  |d c  |e mvaldespin  |f 03:19:24 pm 
994 |a C0  |b TXA 
999 |a MARS 
999 f f |s 3be9aba4-4991-3121-ab34-349092f6c5a5  |i 95c2491d-0bf5-3cb1-ba79-37df1dc3e5b0  |t 0 
952 f f |p normal  |a Texas A&M University  |b College Station  |c Sterling C. Evans Library  |d Evans: US Documents (Annex 5th floor)  |t 0  |e I 19.16:498-B  |h Superintendent of Documents classification  |i unmediated -- volume  |m A14839365230 
998 f f |a I 19.16:498-B  |t 0  |l Evans: US Documents (Annex 5th floor)